Heat sensitized dipping with radiation vulcanized natural rubber latex (Record no. 60255)

MARC details
000 -LEADER
fixed length control field 01445nam a2200181Ia 4500
100 ## - MAIN ENTRY--AUTHOR NAME
Personal name George V
245 #0 - TITLE STATEMENT
Title Heat sensitized dipping with radiation vulcanized natural rubber latex
260 ## - PUBLICATION, DISTRIBUTION, ETC. (IMPRINT)
Name of publisher Rubber India
Year of publication 2001
300 ## - PHYSICAL DESCRIPTION
Number of Pages 12-Jul
520 ## - SUMMARY, ETC.
Summary, etc Dipping is an important process in latex technology for the production of articles like examination gloves, teats, condoms, catheters etc. Straight dipping is used for the production of very thin walled articles. Coagulant dipping provides little more thicker articles; but a number of dips are needed to achieve desired thickness. The use of radiation vulcanized natural rubber latex (RVNRL) is becoming more popular in areas where dipped products free from type IV allergy, carcinogenic nitrosamines and very low in type I allergy are required. The common dipping processes with RVNRL are straight and coagulant dipping. This paper describes the results of heat sensitive dipping experiments for obtaining dry deposits of thickness 2-4 mm in single dip. The effects of dwell time, temperature of the former and maturity of latex compound at the time of dipping have been studied. The storage stability of the dry latex compound and the tensile properties of the dry deposits are good.
650 ## - SUBJECT ADDED ENTRY--TOPICAL TERM
Topical Term Heat sensitive dipping
650 ## - SUBJECT ADDED ENTRY--TOPICAL TERM
Topical Term RVNRL
700 ## - ADDED ENTRY--PERSONAL NAME
Personal name Britto I J
700 ## - ADDED ENTRY--PERSONAL NAME
Personal name Sebastian M S
700 ## - ADDED ENTRY--PERSONAL NAME
Personal name Thomas E V
942 ## - ADDED ENTRY ELEMENTS (KOHA)
Koha item type Journals
Holdings
Withdrawn status Lost status Damaged status Not for loan Home library Current library Shelving location Date acquired Serial Enumeration / chronology Koha item type
      Journals RRII Library RRII Library Rubber chemistry 20/03/2003 Volume LIII, Issue 6 Journals